000 00744nam a2200229 4500
003 OSt
005 20240715060335.0
006 a
008 240715b |||||||| |||| 00| 0 eng d
020 _a9780340958766
040 _aDWCL-Main lib.
_cOC
082 _2Fourth edition
_aCirc. 418 C771s 2008
100 _aCook, Vivian
245 _aSecond language learning and language teaching /
250 _aFourth edition
260 _aLondon :
_bHodder Education,
_cc2008.
300 _aviii,
_b306 p. : ill. ;
_c23 cm.
504 _aIncludes bibliographical references and index.
650 _a1. Second language acquisition.
650 _a2. Language and languages-Study and teaching.
942 _2ddc
_n0
_cBK-CIRC
_eFourth edition
_kCirc.
999 _c2184
_d2184